indian monuments - Statistics

General Stats
  • This quiz has been taken 252 times
  • The average score is 3 of 10
Answer Stats
Hint Answer % Correct
agra taj mahal
100%
amritsar golden temple
86%
west bengal { kokata } victoria memorial
30%
delhi lotus temple
17%
mysuru palace
15%
bengaluru vidhana souda
7%
thanjavur brihadeshwara temple
4%
gaya maha bodi temple
1%
andaman and nicobar prison
1%
mumbai / bombay victoria terminal
1%
No matching quizzes found
Score Distribution
Percent of People with Each Score
Percentile by Number Answered
Your Score History
You have not taken this quiz